Contracte de treball per a la formació i l'aprenentatge : guia a per a la contractació laboral : reforma laboral 2012 guia a per a la contractació laboral :
Publicado:
Barcelona :
Diputació de Barcelona. Àrea de Desenvolupament Econòmic i Ocupació. Servei de Mercat de Treball ,
2012
Descripción Física:
1 f. plegat en 4 parts ; 21 x 10 cm
Materias:
Relacions laborals
MARC
| LEADER | 00000nam a2200000Ia 4500 | ||
|---|---|---|---|
| 001 | 23697 | ||
| 008 | 160829s2012 xx 000 0 cat d | ||
| 080 | |a FU-61-118 | ||
| 245 | |a Contracte de treball per a la formació i l'aprenentatge : |b guia a per a la contractació laboral : |b reforma laboral 2012 | ||
| 260 | |a Barcelona : |b Diputació de Barcelona. Àrea de Desenvolupament Econòmic i Ocupació. Servei de Mercat de Treball, |c 2012 | ||
| 300 | |a 1 f. plegat en 4 parts ; |c 21 x 10 cm | ||
| 650 | 0 | |a Relacions laborals |9 49568 | |
| 710 | |a Barcelona (Catalunya : Província). |b Servei de Mercat de Treball |9 52905 | ||
| 901 | |a Arxiu | ||
| 942 | |n 1 | ||
| 952 | |0 0 |1 0 |4 0 |6 FU61118 |7 1 |9 55447 |a Arxiu |b Arxiu |d 2016-12-01 |l 0 |o FU-61-118 |p 23697 |r 2016-12-01 00:00:00 |w 2016-12-01 |y ARXIU | ||
| 999 | |c 59320 |d 59320 | ||